[Event "Champions Showdown (blitz) 2019"]
[Site "Saint Louis USA"]
[Date "2019.02.23"]
[Round "6"]
[White "So, Wesley"]
[Black "Navara, David"]
[Result "1-0"]
[WhiteElo "2765"]
[BlackElo "2738"]
[PlyCount "74"]
[EventDate "2019.02.23"]

1. Nf3 Nf6 2. g3 d5 3. Bg2 e6 4. O-O Be7 5. c4 O-O 6. d4 dxc4 7. Qc2 a6 8. a4
Bd7 9. Qxc4 Bc6 10. Bf4 Bd6 11. Nc3 Bxf4 12. gxf4 a5 13. e3 Na6 14. Kh1 Nb4 15.
Qe2 b6 16. Rg1 Qc8 17. Ne5 Bxg2+ 18. Rxg2 c5 19. Rag1 g6 20. Nb5 Qb7 21. h4
cxd4 22. Nxd4 Kh8 23. Ndf3 Rac8 24. Nd4 Rfd8 25. Kh2 Rxd4 26. exd4 Rc2 27. Qe3
Qc7 28. f5 exf5 29. Qh6 Ng8 30. Qf8 f6 31. Rxg6 hxg6 32. Rxg6 Rxf2+ 33. Kh3
Rf3+ 34. Nxf3 Qh7 35. Rxf6 Nd5 36. Rxf5 Ne3 37. Rg5 Qd7+ 1-0

[Event "Champions Showdown (blitz) 2019"]
[Site "Saint Louis USA"]
[Date "2019.02.23"]
[Round "6"]
[White "Dominguez Perez, Leinier"]
[Black "Topalov, Veselin"]
[Result "1/2-1/2"]
[WhiteElo "2739"]
[BlackElo "2740"]
[PlyCount "71"]
[EventDate "2019.02.23"]

1. d4 Nf6 2. Nf3 e6 3. e3 d5 4. Bd3 Be7 5. O-O b6 6. b3 Bb7 7. c4 Nbd7 8. cxd5
Nxd5 9. Bb2 O-O 10. Nc3 Nxc3 11. Bxc3 c5 12. Qe2 cxd4 13. Bxd4 Nc5 14. Bxc5
Bxc5 15. Rfd1 Qe7 16. Ba6 Bxf3 17. Qxf3 Rad8 18. g3 g6 19. Kg2 Rxd1 20. Rxd1
Rd8 21. Rxd8+ Qxd8 22. Bc4 Kg7 23. h4 h5 24. Qb7 Qe7 25. Qc6 Qd6 26. Qb7 Qe7
27. Qe4 a5 28. a4 Qf6 29. Bb5 Qb2 30. Bc4 Qf6 31. Bb5 Qb2 32. Qd3 Bb4 33. Bc4
Be1 34. Qf1 Bb4 35. Qd1 Qd2 36. Qxd2 1/2-1/2

[Event "Champions Showdown (blitz) 2019"]
[Site "Saint Louis USA"]
[Date "2019.02.23"]
[Round "7"]
[White "Harikrishna, Pentala"]
[Black "Caruana, Fabiano"]
[Result "0-1"]
[WhiteElo "2726"]
[BlackElo "2828"]
[PlyCount "80"]
[EventDate "2019.02.23"]

1. d4 Nf6 2. Nf3 d5 3. Bf4 c5 4. e3 Nc6 5. Nbd2 cxd4 6. exd4 Bg4 7. c3 e6 8.
Qb3 Bd6 9. Ne5 Qc7 10. Nxg4 Bxf4 11. Nxf6+ gxf6 12. Nf3 O-O-O 13. g3 Bd6 14.
O-O-O Kb8 15. Kb1 Na5 16. Qc2 Rc8 17. Bd3 a6 18. Qe2 Ka7 19. Rc1 b5 20. Nd2 Nc4
21. Bxc4 bxc4 22. b3 Ba3 23. Rc2 Rb8 24. Ka1 Rhc8 25. bxc4 dxc4 26. Rb1 Rb5 27.
Qf3 f5 28. Rxb5 axb5 29. Nb1 Bd6 30. a4 Qa5 31. d5 b4 32. cxb4 Qxb4 33. Qc3 Qc5
34. Nd2 exd5 35. Nf3 d4 36. Qb2 d3 37. Rc3 Rb8 38. Qa2 Rb4 39. Qd2 Rxa4+ 40.
Kb1 Qb5+ 0-1

[Event "Champions Showdown (blitz) 2019"]
[Site "Saint Louis USA"]
[Date "2019.02.23"]
[Round "7"]
[White "Duda, Jan-Krzysztof"]
[Black "Nakamura, Hikaru"]
[Result "0-1"]
[WhiteElo "2731"]
[BlackElo "2749"]
[PlyCount "158"]
[EventDate "2019.02.23"]

1. c4 Nf6 2. Nc3 e6 3. e4 d5 4. cxd5 exd5 5. e5 Ne4 6. Nf3 Bf5 7. d3 Nxc3 8.
bxc3 c5 9. d4 c4 10. a4 Nc6 11. Be2 Be7 12. O-O O-O 13. Ne1 Qa5 14. Bd2 f6 15.
exf6 Rxf6 16. Nc2 Be6 17. Ne3 Bd6 18. g3 Ne7 19. Rb1 Qc7 20. Bf3 a6 21. Bg2 Rb8
22. f4 b5 23. f5 Bf7 24. axb5 axb5 25. Qc2 h5 26. Kh1 Qd7 27. Rf2 Ra8 28. Rbf1
b4 29. Nxc4 b3 30. Qb1 dxc4 31. Bxa8 Nd5 32. Qe4 Bf8 33. Kg1 Ra6 34. Bxd5 Bxd5
35. Qe2 Bf7 36. f6 g6 37. Qe4 Re6 38. Qf3 Rb6 39. Bc1 Ra6 40. Re2 Ra1 41. Qf4
Qb7 42. Bb2 Ra2 43. Rfe1 Qd5 44. Bc1 Qa5 45. Rxa2 Qxa2 46. Qd2 Qa6 47. Qf2 Qa5
48. Bb2 Bh6 49. h3 Qd5 50. Kh2 Bf8 51. Re5 Qa8 52. Bc1 h4 53. Bf4 Qa1 54. Re1
b2 55. gxh4 b1=Q 56. Rxb1 Qxb1 57. Qg3 Qc2+ 58. Kg1 Kh7 59. Qf3 Qf5 60. Qg3
Qb1+ 61. Kf2 Qc2+ 62. Ke1 Qf5 63. Bg5 Qe6+ 64. Kd2 Bd6 65. Qg4 Qxg4 66. hxg4
Be6 67. Ke3 Bxg4 68. Ke4 Be6 69. d5 Bh3 70. Kd4 Bf1 71. Bc1 Kg8 72. Bh6 Kf7 73.
Bg5 Bd3 74. Ke3 Be5 75. d6 Bxd6 76. Kd4 Bc7 77. Kd5 Bg3 78. Kd4 Ke6 79. Kc5 Be5
0-1

[Event "Champions Showdown (blitz) 2019"]
[Site "Saint Louis USA"]
[Date "2019.02.23"]
[Round "7"]
[White "Topalov, Veselin"]
[Black "Dominguez Perez, Leinier"]
[Result "1/2-1/2"]
[WhiteElo "2740"]
[BlackElo "2739"]
[PlyCount "55"]
[EventDate "2019.02.23"]

1. c4 e5 2. d3 Bb4+ 3. Nd2 Nf6 4. Ngf3 Nc6 5. a3 Bxd2+ 6. Bxd2 e4 7. dxe4 Nxe4
8. e3 O-O 9. Qc2 Re8 10. Bd3 d5 11. Rd1 Bg4 12. Bc3 Bxf3 13. gxf3 Ng5 14. cxd5
Nxf3+ 15. Kf1 Nce5 16. Bxh7+ Kh8 17. Be4 Qh4 18. Bxf3 Nxf3 19. Qf5 Qc4+ 20. Qd3
Qg4 21. h3 Qh5 22. Qc4 Nh2+ 23. Ke1 Nf3+ 24. Kf1 Ne5 25. Qe2 Nf3 26. Qc4 Ne5
27. Qe2 Nf3 28. Qc4 1/2-1/2

[Event "Champions Showdown (blitz) 2019"]
[Site "Saint Louis USA"]
[Date "2019.02.23"]
[Round "8"]
[White "Caruana, Fabiano"]
[Black "Harikrishna, Pentala"]
[Result "1-0"]
[WhiteElo "2828"]
[BlackElo "2726"]
[PlyCount "67"]
[EventDate "2019.02.23"]

1. d4 e6 2. e4 b6 3. Nf3 Bb7 4. Bd3 g6 5. O-O Bg7 6. c4 d6 7. Nc3 Nd7 8. Be3 h6
9. d5 Bxc3 10. bxc3 e5 11. Qd2 g5 12. a4 a5 13. c5 dxc5 14. Bb5 f6 15. Qe2 Ne7
16. Nxe5 fxe5 17. Qh5+ Kf8 18. Bxg5 Kg7 19. Bxe7 Qxe7 20. Qg4+ Kh7 21. Bxd7
Rhg8 22. Bf5+ Kh8 23. Qh5 Qf6 24. f4 exf4 25. Rxf4 Rg5 26. Qh4 Kg7 27. Be6 Qxc3
28. Raf1 Qd4+ 29. Kh1 Rh8 30. Rf7+ Kg6 31. Rxc7 Ba6 32. Bf7+ Kg7 33. Bh5+ Kg8
34. Rf8+ 1-0

[Event "Champions Showdown (blitz) 2019"]
[Site "Saint Louis USA"]
[Date "2019.02.23"]
[Round "8"]
[White "So, Wesley"]
[Black "Navara, David"]
[Result "1-0"]
[WhiteElo "2765"]
[BlackElo "2738"]
[PlyCount "88"]
[EventDate "2019.02.23"]

1. Nf3 d5 2. d4 Nf6 3. c4 c6 4. e3 Bg4 5. Nc3 e6 6. h3 Bh5 7. g4 Bg6 8. Ne5
Nbd7 9. Nxg6 hxg6 10. g5 Ne4 11. Nxe4 dxe4 12. h4 Bb4+ 13. Bd2 Qa5 14. a3 Bxd2+
15. Qxd2 Qxd2+ 16. Kxd2 f5 17. c5 Rd8 18. Kc3 e5 19. b4 exd4+ 20. exd4 Nf8 21.
Bc4 Ke7 22. Rad1 Ne6 23. d5 cxd5 24. Bxd5 Rd7 25. Bxe6 Kxe6 26. Rxd7 Kxd7 27.
Rd1+ Kc7 28. Rd6 Rxh4 29. Rxg6 Rf4 30. b5 Rxf2 31. Rxg7+ Kc8 32. Rf7 Rg2 33.
Rxf5 e3 34. a4 Kc7 35. Kd3 e2 36. Kd2 Kc8 37. Rf8+ Kc7 38. Rf7+ Kc8 39. Rg7 Kb8
40. g6 Kc8 41. c6 bxc6 42. bxc6 a5 43. Rg8+ Kc7 44. g7 Rg6 1-0

[Event "Champions Showdown (blitz) 2019"]
[Site "Saint Louis USA"]
[Date "2019.02.23"]
[Round "8"]
[White "Dominguez Perez, Leinier"]
[Black "Topalov, Veselin"]
[Result "1/2-1/2"]
[WhiteElo "2739"]
[BlackElo "2740"]
[PlyCount "140"]
[EventDate "2019.02.23"]

1. e4 e5 2. Nf3 Nc6 3. Bc4 Bc5 4. c3 Nf6 5. d3 a6 6. Bb3 O-O 7. O-O d6 8. Nbd2
Re8 9. h3 Be6 10. Bc2 h6 11. Re1 d5 12. exd5 Bxd5 13. Nh2 Qd7 14. Ne4 Nxe4 15.
dxe4 Be6 16. Qf3 Ne7 17. Ng4 Ng6 18. Ne3 Rad8 19. Nf5 Nf4 20. Bxf4 exf4 21.
Rad1 Qc6 22. Qxf4 Qb6 23. b4 Bf8 24. e5 Bxa2 25. Rxd8 Rxd8 26. Re3 Kh8 27. Nd4
c5 28. bxc5 Bxc5 29. e6 Bxd4 30. exf7 Bxf7 31. cxd4 Bg8 32. Re7 Qd6 33. Qxd6
Rxd6 34. Rxb7 g5 35. Rb4 Kg7 36. Kf1 Bd5 37. f3 Bc6 38. Kf2 Bb5 39. Ke3 Re6+
40. Be4 Kf6 41. d5 Rb6 42. Rb2 Ke5 43. g3 Rb8 44. f4+ Kd6 45. fxg5 hxg5 46. Rf2
Rc8 47. Rf6+ Kc5 48. Rf5 a5 49. d6+ Kb6 50. Rxg5 a4 51. Bd5 Rd8 52. Kd4 Rxd6
53. Ke5 Rd8 54. Rf5 Kc5 55. Be6 a3 56. Rf3 Kb4 57. Rb3+ Ka4 58. Rb1 Re8 59. Kf6
Rd8 60. g4 Rd6 61. Ke5 Rd3 62. g5 Re3+ 63. Kf6 Rf3+ 64. Kg7 Re3 65. Bf7 Rxh3
66. g6 Rg3 67. Kf6 Bd3 68. Re1 a2 69. g7 Bb1 70. Bxa2 Bxa2 1/2-1/2

[Event "Champions Showdown (blitz) 2019"]
[Site "Saint Louis USA"]
[Date "2019.02.23"]
[Round "9"]
[White "Harikrishna, Pentala"]
[Black "Caruana, Fabiano"]
[Result "1-0"]
[WhiteElo "2726"]
[BlackElo "2828"]
[PlyCount "83"]
[EventDate "2019.02.23"]

1. e4 c5 2. Nf3 e6 3. d4 cxd4 4. Nxd4 a6 5. Bd3 Bc5 6. Nb3 Be7 7. Qg4 g6 8. Qe2
d6 9. a4 Nc6 10. Be3 Nf6 11. N1d2 Ne5 12. a5 O-O 13. O-O Bd7 14. Nc4 Nxc4 15.
Bxc4 Bc6 16. Bd3 e5 17. Nd2 d5 18. Bb6 Qd7 19. Rfe1 Rfe8 20. Rad1 d4 21. Nf3
Bf8 22. c3 dxc3 23. Bxa6 Qg4 24. Bd3 cxb2 25. h3 Qh5 26. Qxb2 Nd7 27. Bb5 Bxb5
28. Qxb5 Nxb6 29. axb6 Re7 30. Rd7 Rae8 31. Rc1 g5 32. Rcc7 g4 33. hxg4 Qxg4
34. Rxe7 Rxe7 35. Rxe7 Bxe7 36. Qxe5 Qd7 37. Nd4 Bd8 38. g3 f6 39. Qc5 Kf7 40.
Qc4+ Kg7 41. Ne6+ Kg6 42. Nf8+ 1-0

[Event "Champions Showdown (blitz) 2019"]
[Site "Saint Louis USA"]
[Date "2019.02.23"]
[Round "9"]
[White "Duda, Jan-Krzysztof"]
[Black "Nakamura, Hikaru"]
[Result "1-0"]
[WhiteElo "2731"]
[BlackElo "2749"]
[PlyCount "62"]
[EventDate "2019.02.23"]

1. c4 Nf6 2. Nc3 e6 3. e4 d5 4. cxd5 exd5 5. e5 Ne4 6. Nf3 Bf5 7. d3 Nxc3 8.
bxc3 c5 9. d4 c4 10. a4 Nc6 11. Be2 Be7 12. O-O Na5 13. Nd2 O-O 14. f4 f6 15.
g4 Bd7 16. f5 fxe5 17. dxe5 Bc5+ 18. Kg2 d4 19. Bf3 Bc6 20. Ne4 Bxe4 21. Bxe4
dxc3 22. Bf4 Bd4 23. Qf3 Nb3 24. Rad1 Qa5 25. f6 gxf6 26. exf6 Rxf6 27. Bd5+
Kg7 28. Bxc4 Raf8 29. Qxb7+ Kh8 30. Bxb3 c2 31. Rxd4 Qc3 1-0

[Event "Champions Showdown (blitz) 2019"]
[Site "Saint Louis USA"]
[Date "2019.02.23"]
[Round "9"]
[White "Navara, David"]
[Black "So, Wesley"]
[Result "0-1"]
[WhiteElo "2738"]
[BlackElo "2765"]
[PlyCount "96"]
[EventDate "2019.02.23"]

1. d4 Nf6 2. c4 e6 3. Nc3 d5 4. cxd5 Nxd5 5. e4 Nxc3 6. bxc3 c5 7. Nf3 cxd4 8.
cxd4 Bb4+ 9. Bd2 Bxd2+ 10. Qxd2 O-O 11. Rd1 b6 12. h4 Ba6 13. Bxa6 Nxa6 14. h5
h6 15. O-O Rc8 16. Rfe1 Qd6 17. Ne5 Nb4 18. Rc1 Nc6 19. Qc2 Nxe5 20. Qxc8 Rxc8
21. Rxc8+ Kh7 22. dxe5 Qxe5 23. Ra8 a5 24. Ra6 Qb5 25. Ra7 Qxh5 26. Rc1 Kg6 27.
Rb7 Qe2 28. Rxb6 Qxa2 29. Ra6 a4 30. f3 h5 31. Rc5 h4 32. Rca5 h3 33. gxh3 Qe2
34. Rxa4 Qxf3 35. R6a5 Qg3+ 36. Kf1 Qxh3+ 37. Kf2 Qh2+ 38. Kf3 e5 39. Ra7 Qf4+
40. Ke2 Kh6 41. Rb4 g5 42. Kd3 Qf3+ 43. Kd2 g4 44. Rbb7 f6 45. Rh7+ Kg5 46.
Rhg7+ Kf4 47. Rg6 Kxe4 48. Ra4+ Kf5 0-1

[Event "Champions Showdown (blitz) 2019"]
[Site "Saint Louis USA"]
[Date "2019.02.23"]
[Round "9"]
[White "Topalov, Veselin"]
[Black "Dominguez Perez, Leinier"]
[Result "1-0"]
[WhiteElo "2740"]
[BlackElo "2739"]
[PlyCount "113"]
[EventDate "2019.02.23"]

1. c4 e5 2. a3 Nf6 3. d3 c6 4. Nf3 Bd6 5. Nc3 O-O 6. Bg5 h6 7. Bh4 Re8 8. e3
Bf8 9. Be2 d6 10. O-O Nbd7 11. d4 Qc7 12. Rc1 a6 13. h3 b6 14. Bg3 Bb7 15. b4
Rad8 16. c5 bxc5 17. bxc5 dxc5 18. dxe5 Nxe5 19. Qc2 Nxf3+ 20. Bxf3 Qa5 21. Qa4
Qxa4 22. Nxa4 Ne4 23. Bxe4 Rxe4 24. Nxc5 Bxc5 25. Rxc5 Ra4 26. Rb1 Rd7 27. Rb3
f6 28. Kh2 Kf7 29. f3 Re7 30. e4 Rd4 31. Bf4 Rd1 32. h4 Ra1 33. Rd3 Ra2 34. h5
Rb2 35. a4 Rb4 36. Ra3 Rb1 37. e5 fxe5 38. Bxe5 Bc8 39. Bd6 Reb7 40. Rxc6 Bd7
41. Rxa6 R1b2 42. Be5 Re2 43. f4 Rc2 44. Rg3 Ke8 45. Ra8+ Rc8 46. Rxc8+ Bxc8
47. Rxg7 Rb3 48. Rh7 Rb6 49. Rh8+ Kd7 50. a5 Ra6 51. Bc3 Rc6 52. Bd4 Bb7 53.
Rh7+ Kc8 54. Be5 Rc2 55. Rg7 Ra2 56. Rc7+ Kb8 57. Rc2+ 1-0

[Event "Champions Showdown (blitz) 2019"]
[Site "Saint Louis USA"]
[Date "2019.02.23"]
[Round "9"]
[White "Rapport, Richard"]
[Black "Shankland, Samuel"]
[Result "1/2-1/2"]
[WhiteElo "2735"]
[BlackElo "2731"]
[PlyCount "80"]
[EventDate "2019.02.23"]

1. Nf3 d5 2. d4 Nf6 3. c3 e6 4. Nbd2 c5 5. e3 b6 6. Ne5 Bd6 7. Bd3 Bb7 8. O-O
O-O 9. b3 Nbd7 10. f4 Ne4 11. Bxe4 dxe4 12. Bb2 cxd4 13. exd4 f6 14. Nec4 Be7
15. Ne3 f5 16. c4 Bf6 17. Qc2 Qe7 18. Rad1 Rfd8 19. Kh1 g6 20. Nb1 Rac8 21. Nc3
a6 22. d5 Nc5 23. dxe6 Qxe6 24. Ncd5 Bxb2 25. Qxb2 Nd3 26. Qd4 b5 27. g4 bxc4
28. bxc4 Bxd5 29. Nxd5 fxg4 30. Rd2 Kf7 31. Re2 Rxc4 32. Qxc4 Qxd5 33. Rxe4 h5
34. f5 Qxc4 35. fxg6+ Kxg6 36. Rxc4 Ne5 37. Ra4 Nf3 38. Rxa6+ Kg5 39. Ra3 Rd2
40. Raxf3 gxf3 1/2-1/2

[Event "Champions Showdown (blitz) 2019"]
[Site "Saint Louis USA"]
[Date "2019.02.23"]
[Round "10"]
[White "Caruana, Fabiano"]
[Black "Harikrishna, Pentala"]
[Result "1-0"]
[WhiteElo "2828"]
[BlackElo "2726"]
[PlyCount "71"]
[EventDate "2019.02.23"]

1. c4 e6 2. Nc3 d5 3. d4 Be7 4. cxd5 exd5 5. Bf4 c6 6. e3 Bf5 7. g4 Be6 8. h3
h5 9. gxh5 Nf6 10. h6 g6 11. Nf3 Nh5 12. Bh2 Rxh6 13. Qd2 Nd7 14. e4 Rh8 15.
exd5 cxd5 16. O-O-O Rc8 17. Kb1 Bb4 18. Rc1 Qa5 19. Bd3 Bxc3 20. bxc3 Ng7 21.
Ka1 Kf8 22. Ng5 Bf5 23. Rhe1 Bxd3 24. Qxd3 Nf5 25. Bf4 Rh4 26. Bd2 Kg8 27. Rg1
Qa6 28. Qf3 Nf6 29. Bf4 Kf8 30. Be5 Ne4 31. Nxe4 Rxe4 32. Rge1 f6 33. Bf4 Rce8
34. Rxe4 Rxe4 35. Be3 Qd3 36. Bh6+ 1-0

[Event "Champions Showdown (blitz) 2019"]
[Site "Saint Louis USA"]
[Date "2019.02.23"]
[Round "10"]
[White "Nakamura, Hikaru"]
[Black "Duda, Jan-Krzysztof"]
[Result "1-0"]
[WhiteElo "2749"]
[BlackElo "2731"]
[PlyCount "85"]
[EventDate "2019.02.23"]

1. Nf3 Nf6 2. c4 e6 3. Nc3 d5 4. d4 Bb4 5. Qa4+ Nc6 6. e3 O-O 7. Qc2 Re8 8. a3
Bf8 9. Bd2 e5 10. dxe5 Nxe5 11. cxd5 Nxd5 12. O-O-O Nxf3 13. gxf3 Nxc3 14. Bxc3
Qh4 15. Rg1 Be6 16. f4 Rad8 17. Bd3 Bg4 18. Bxh7+ Kh8 19. Rxd8 Rxd8 20. Be4 b5
21. f3 Bh3 22. Rg3 Kg8 23. Qf2 Qh6 24. f5 c5 25. f4 b4 26. axb4 cxb4 27. Bd4
Re8 28. Bd3 Rc8+ 29. Kd2 b3 30. Qf3 Bf1 31. Qxf1 Bb4+ 32. Ke2 Qxh2+ 33. Qg2
Qh5+ 34. Qf3 Qh2+ 35. Rg2 Qh4 36. Rxg7+ Kf8 37. Rxf7+ Kxf7 38. Qb7+ Be7 39.
Qxc8 Qh2+ 40. Kd1 Qg1+ 41. Kd2 Qg2+ 42. Kc3 a5 43. Bc4+ 1-0

[Event "Champions Showdown (blitz) 2019"]
[Site "Saint Louis USA"]
[Date "2019.02.23"]
[Round "10"]
[White "So, Wesley"]
[Black "Navara, David"]
[Result "1/2-1/2"]
[WhiteElo "2765"]
[BlackElo "2738"]
[PlyCount "81"]
[EventDate "2019.02.23"]

1. c4 e5 2. Nc3 Nf6 3. Nf3 Nc6 4. e3 Bb4 5. Qc2 Bxc3 6. Qxc3 Qe7 7. d4 exd4 8.
Nxd4 Ne4 9. Qd3 Qb4+ 10. Bd2 Qxd2+ 11. Qxd2 Nxd2 12. Kxd2 d6 13. Nxc6 bxc6 14.
c5 a5 15. Kc3 Be6 16. Be2 Kd7 17. Rhd1 Bd5 18. g3 Rhe8 19. Rd4 Re4 20. Rxe4
Bxe4 21. Rd1 Bd5 22. a3 Rb8 23. Rd4 dxc5 24. Ra4 Ra8 25. Kc2 Kd6 26. Bd3 f5 27.
h4 g6 28. h5 Ke5 29. hxg6 hxg6 30. Rh4 Rd8 31. Be2 Be4+ 32. Kc3 g5 33. Rh7 Kd6
34. Rh6+ Kd7 35. f3 Bd5 36. Rg6 Re8 37. Kd2 Rb8 38. Kc2 Re8 39. Kd2 Rb8 40. Kc2
Re8 41. Kd2 1/2-1/2

[Event "Champions Showdown (blitz) 2019"]
[Site "Saint Louis USA"]
[Date "2019.02.23"]
[Round "10"]
[White "Dominguez Perez, Leinier"]
[Black "Topalov, Veselin"]
[Result "1-0"]
[WhiteElo "2739"]
[BlackElo "2740"]
[PlyCount "63"]
[EventDate "2019.02.23"]

1. d4 Nf6 2. Nf3 e6 3. e3 b6 4. Bd3 Bb7 5. O-O Be7 6. c4 d5 7. cxd5 Nxd5 8. e4
Nb4 9. Bb5+ c6 10. Be2 c5 11. a3 N4a6 12. Bb5+ Kf8 13. Nc3 Nc7 14. Be2 cxd4 15.
Nxd4 Nc6 16. Nxc6 Bxc6 17. Bf4 Qxd1 18. Rfxd1 Ne8 19. Rac1 Nf6 20. Bf3 Nd7 21.
Ne2 Ba4 22. b3 Bb5 23. a4 Bxe2 24. Rxd7 Bxf3 25. gxf3 Bc5 26. Be3 Bxe3 27. fxe3
g5 28. Rcc7 Kg7 29. Rxf7+ Kg6 30. Rg7+ Kh6 31. Rge7 Rae8 32. Rxa7 1-0

[Event "Champions Showdown (blitz) 2019"]
[Site "Saint Louis USA"]
[Date "2019.02.23"]
[Round "10"]
[White "Shankland, Samuel"]
[Black "Rapport, Richard"]
[Result "0-1"]
[WhiteElo "2731"]
[BlackElo "2735"]
[PlyCount "56"]
[EventDate "2019.02.23"]

1. d4 Nf6 2. c4 d6 3. Nc3 e5 4. e3 Be7 5. Nf3 Nc6 6. d5 Nb8 7. e4 a5 8. h3 Na6
9. Be3 O-O 10. g4 Nd7 11. Qd2 Ndc5 12. O-O-O c6 13. Kb1 Bd7 14. Be2 cxd5 15.
cxd5 b5 16. Bxc5 Nxc5 17. Bxb5 Nxe4 18. Nxe4 Bxb5 19. Rc1 Rb8 20. Rc3 a4 21.
Rhc1 Qb6 22. h4 Bd7 23. Rg1 Rfc8 24. h5 Rxc3 25. Nxc3 Qb4 26. Ka1 a3 27. bxa3
Qxa3 28. Ne4 Qxf3 0-1

[Event "Champions Showdown (blitz) 2019"]
[Site "Saint Louis USA"]
[Date "2019.02.23"]
[Round "11"]
[White "Harikrishna, Pentala"]
[Black "Caruana, Fabiano"]
[Result "0-1"]
[WhiteElo "2726"]
[BlackElo "2828"]
[PlyCount "124"]
[EventDate "2019.02.23"]

1. e4 c5 2. Nf3 Nc6 3. d4 cxd4 4. Nxd4 Nf6 5. Nc3 d6 6. Bg5 e6 7. Qd2 a6 8.
O-O-O Bd7 9. f3 h6 10. Be3 Be7 11. Kb1 Qc7 12. h4 b5 13. Nxc6 Bxc6 14. Bd3 Nd7
15. Ne2 Ne5 16. Nd4 Bd7 17. g4 Rb8 18. g5 h5 19. f4 Ng4 20. f5 e5 21. Ne2 Bc6
22. Nc3 Qb7 23. Rhe1 O-O 24. Bg1 Bd8 25. Be2 Ba5 26. Bxg4 hxg4 27. f6 b4 28.
Nd5 b3 29. Ne7+ Kh7 30. c3 bxa2+ 31. Ka1 Bxe4 32. h5 gxf6 33. g6+ fxg6 34. Nxg6
Rfd8 35. b4 Bc7 36. Qxa2 Rd7 37. Qe6 Rg7 38. Qxf6 Qc6 39. Rxe4 Qxe4 40. Nf8+
Rxf8 41. Qxf8 Qc2 42. Rb1 Qxc3+ 43. Rb2 Qc1+ 44. Ka2 Qc4+ 45. Kb1 Qe4+ 46. Ka2
d5 47. h6 Rd7 48. Bc5 Qc4+ 49. Kb1 Qe4+ 50. Ka2 d4 51. Rf2 Qd5+ 52. Kb2 e4 53.
Rf5 Be5 54. Rg5 d3+ 55. Ka3 Bb2+ 56. Kxb2 Qxg5 57. Qe8 Qf5 58. Bd6 Rxd6 59.
Qe7+ Kxh6 60. Qxd6+ Kg5 61. Qg3 Qf4 62. Qg1 e3 0-1

[Event "Champions Showdown (blitz) 2019"]
[Site "Saint Louis USA"]
[Date "2019.02.23"]
[Round "11"]
[White "Duda, Jan-Krzysztof"]
[Black "Nakamura, Hikaru"]
[Result "0-1"]
[WhiteElo "2731"]
[BlackElo "2749"]
[PlyCount "132"]
[EventDate "2019.02.23"]

1. c4 Nf6 2. Nc3 e6 3. e4 d5 4. cxd5 exd5 5. e5 Ne4 6. Nf3 Bf5 7. d3 Nxc3 8.
bxc3 c5 9. d4 c4 10. a4 Nc6 11. Be2 Be7 12. O-O O-O 13. Ba3 Na5 14. Bxe7 Qxe7
15. Nd2 f6 16. f4 fxe5 17. fxe5 Qg5 18. Rf3 Be6 19. Rg3 Qf4 20. Rb1 b6 21. Kh1
Rad8 22. Bf3 Bf5 23. Rb5 Be6 24. Qe1 Kh8 25. Nf1 Nc6 26. Ne3 Ne7 27. a5 Rb8 28.
a6 Rbd8 29. h3 Qh4 30. Rb1 Nf5 31. Nxf5 Bxf5 32. Rd1 b5 33. Kh2 Qh6 34. Qe2
Qxa6 35. Rg5 Qh6 36. Qd2 Bxh3 37. Rg3 Qxd2 38. Rxd2 Bc8 39. Ra2 a6 40. e6 Rfe8
41. Bg4 Rd6 42. Re3 g6 43. Re5 h5 44. Bh3 Kg7 45. Rf2 Re7 46. Rfe2 a5 47. Rb2
b4 48. cxb4 c3 49. Rb3 Rc6 50. Re1 axb4 51. Rxb4 Bxe6 52. Rb5 c2 53. Bxe6 Rexe6
54. Rc1 Red6 55. Rc5 Rxc5 56. dxc5 Rc6 57. Rxc2 Kf6 58. Kg3 Ke5 59. Rc1 d4 60.
Kh4 Kd5 61. Kg5 Rxc5 62. Rd1 Rc6 63. g4 hxg4 64. Kxg4 Rf6 65. Kg5 Rf8 66. Kxg6
Kc4 0-1

[Event "Champions Showdown (blitz) 2019"]
[Site "Saint Louis USA"]
[Date "2019.02.23"]
[Round "11"]
[White "Navara, David"]
[Black "So, Wesley"]
[Result "1-0"]
[WhiteElo "2738"]
[BlackElo "2765"]
[PlyCount "91"]
[EventDate "2019.02.23"]

1. d4 Nf6 2. c4 e6 3. Nc3 d5 4. cxd5 Nxd5 5. e4 Nxc3 6. bxc3 c5 7. Nf3 cxd4 8.
cxd4 Bb4+ 9. Bd2 Bxd2+ 10. Qxd2 O-O 11. Bc4 Nd7 12. O-O b6 13. Rad1 Bb7 14.
Rfe1 Rc8 15. Bb3 Re8 16. d5 exd5 17. exd5 Nc5 18. d6 Bxf3 19. Rxe8+ Qxe8 20.
gxf3 Qd7 21. Re1 Re8 22. Rxe8+ Qxe8 23. Qg5 Kf8 24. Kg2 Qd7 25. Qd5 Nxb3 26.
axb3 f6 27. f4 g6 28. f3 a5 29. Qd4 Qe6 30. Kf2 Ke8 31. Qxb6 Qd5 32. Ke3 Qd1
33. Qb5+ Kf8 34. Qd3 Qe1+ 35. Kd4 Qb4+ 36. Kd5 Qb7+ 37. Kc5 Qa7+ 38. Kb5 Qb7+
39. Kxa5 Qa7+ 40. Kb4 Qb6+ 41. Ka3 Qc5+ 42. b4 Qc1+ 43. Kb3 Ke8 44. Qe4+ Kf8
45. Qe7+ Kg8 46. Qd8+ 1-0

[Event "Champions Showdown (blitz) 2019"]
[Site "Saint Louis USA"]
[Date "2019.02.23"]
[Round "11"]
[White "Topalov, Veselin"]
[Black "Dominguez Perez, Leinier"]
[Result "1/2-1/2"]
[WhiteElo "2740"]
[BlackElo "2739"]
[PlyCount "85"]
[EventDate "2019.02.23"]

1. d4 Nf6 2. c4 e6 3. Nc3 Bb4 4. Nf3 c5 5. g3 Nc6 6. Bg2 Ne4 7. Bd2 Nxd2 8.
Qxd2 cxd4 9. Nxd4 O-O 10. O-O Ne5 11. b3 a6 12. Rfd1 Qa5 13. Rdc1 Nc6 14. e3
Ba3 15. Rd1 Bb4 16. Nde2 Qc7 17. a3 Be7 18. Ne4 Na5 19. Rab1 d6 20. h4 Rd8 21.
N2c3 Rb8 22. Rdc1 b6 23. Qe2 Bb7 24. Nd5 Qd7 25. Nxb6 Qc7 26. Nd5 exd5 27. cxd5
Qb6 28. b4 Bxd5 29. bxa5 Qxa5 30. Qd2 Qxd2 31. Nxd2 Be6 32. Nf3 d5 33. a4 Bd7
34. a5 Bb4 35. Nd4 Bxa5 36. Bxd5 Rxb1 37. Rxb1 Bc3 38. Rb7 Bxd4 39. exd4 Be6
40. Bxe6 fxe6 41. Rb6 Kf7 42. Rxa6 Rxd4 43. Ra2 1/2-1/2

[Event "Champions Showdown (blitz) 2019"]
[Site "Saint Louis USA"]
[Date "2019.02.23"]
[Round "11"]
[White "Rapport, Richard"]
[Black "Shankland, Samuel"]
[Result "1-0"]
[WhiteElo "2735"]
[BlackElo "2731"]
[PlyCount "87"]
[EventDate "2019.02.23"]

1. d4 Nf6 2. Bg5 e6 3. e3 b6 4. c3 Bb7 5. Nd2 h6 6. Bh4 c5 7. Ngf3 Be7 8. Bd3
O-O 9. O-O cxd4 10. Bxf6 Bxf6 11. exd4 Be7 12. Qe2 d6 13. Rfe1 Nd7 14. Ba6 Qc8
15. Bxb7 Qxb7 16. a4 a6 17. Nf1 b5 18. Ne3 Nf6 19. Nd2 d5 20. Qd3 bxa4 21. Rxa4
Rfc8 22. Ra2 a5 23. Rea1 Nd7 24. b3 Bd8 25. g3 Rab8 26. c4 dxc4 27. bxc4 Qc7
28. Ne4 Rb4 29. Rxa5 Qxa5 30. Rxa5 Bxa5 31. c5 Ra8 32. c6 Nb6 33. Nd6 Rd8 34.
Nb7 Rdxd4 35. Qa6 Rb1+ 36. Kg2 Be1 37. c7 Rd2 38. Nc4 Rxf2+ 39. Kh3 Nc8 40. Qa8
Rb5 41. Qxc8+ Kh7 42. Qd8 Rh5+ 43. Qh4 Rxh4+ 44. gxh4 1-0

[Event "Champions Showdown (blitz) 2019"]
[Site "Saint Louis USA"]
[Date "2019.02.23"]
[Round "12"]
[White "Caruana, Fabiano"]
[Black "Harikrishna, Pentala"]
[Result "1-0"]
[WhiteElo "2828"]
[BlackElo "2726"]
[PlyCount "62"]
[EventDate "2019.02.23"]

1. Nf3 d5 2. c4 dxc4 3. Na3 Nf6 4. Nxc4 c5 5. g3 Nc6 6. Bg2 Be6 7. b3 Bd5 8.
O-O g6 9. Bb2 Bg7 10. Rc1 b6 11. Ne3 O-O 12. Bxf6 Bxf6 13. Nxd5 Qxd5 14. d4 Qd6
15. dxc5 bxc5 16. Nd2 Rad8 17. Ne4 Qxd1 18. Rfxd1 Rxd1+ 19. Rxd1 Nb4 20. a4 Rc8
21. Rd7 a6 22. Rb7 Kf8 23. e3 Be5 24. Bf1 f5 25. Ng5 h6 26. Ne6+ Kf7 27. Bc4
Kf6 28. Rb6 Bd6 29. a5 Rb8 30. Nxc5 Rxb6 31. Nd7+ Kg7 1-0

[Event "Champions Showdown (blitz) 2019"]
[Site "Saint Louis USA"]
[Date "2019.02.23"]
[Round "12"]
[White "Nakamura, Hikaru"]
[Black "Duda, Jan-Krzysztof"]
[Result "1-0"]
[WhiteElo "2749"]
[BlackElo "2731"]
[PlyCount "61"]
[EventDate "2019.02.23"]

1. Nf3 f5 2. d3 Nf6 3. e4 fxe4 4. dxe4 Nxe4 5. Bd3 Nf6 6. Ng5 d6 7. Bxh7 Nxh7
8. Qh5+ Kd7 9. Qg4+ Ke8 10. Qh5+ Kd7 11. Nf7 Qe8 12. Qh3+ Kc6 13. Qf3+ Kd7 14.
Nxh8 Nf6 15. Bg5 Nc6 16. Nc3 Ne5 17. Qe2 c6 18. f4 Nf7 19. Ng6 Kc7 20. Nxf8
Qxf8 21. O-O Bg4 22. Qe3 Bf5 23. Rae1 e6 24. Qe2 d5 25. h3 Qc5+ 26. Kh2 Nd6 27.
Qe5 Rf8 28. Ne2 Ng4+ 29. hxg4 Rh8+ 30. Kg3 Kc8 31. Nd4 1-0